00478nam a2200169 a 45000010005000000030005000050050017000100080041000270200018000680500017000861000020001032450078001232600035002013000018002364400013002546500041002673138313820160416103740.0060201s19uu xx 00 eng d a0-439-72387-6 aERbD65 2004 aDriscoll, Laura aWhich witch is which?/ :cby Michaela Muntean; illustrated by Tom Brannon aNew York :bScholastic,c1996. a1 v. p. ; cm. aNick Jr. aAdventures and adventurersxFiction.